| 000 | 00922nas a2200301 4500 | ||
|---|---|---|---|
| 001 | BR0800662 | ||
| 003 | BR-BrBNA | ||
| 005 | 20231205111524.0 | ||
| 007 | ta | ||
| 008 | 230509b bl.|||p| |||| 00| 00por d | ||
| 040 |
_aBR-BrBNA _bpor _cBiblioteca Nacional de Agricultura |
||
| 041 | _a(Pt) | ||
| 072 | _aL53; L40 | ||
| 100 | 1 | _aNakaghi, L.S.O. | |
| 100 | 1 | _aMarques, C. | |
| 100 | 1 | _aFaustino, F. | |
| 100 | 1 | _aGaneco, L.N. | |
| 100 | 1 | _aSenhorini, J.A. | |
| 245 | 1 | _aDesenvolvimento embrionário do dourado (Salminus Brasiliensis)por meio de microscopia eletrônica de varredura | |
| 650 | _aDESENVOLVIMENTO EMBRIONÁRIO | ||
| 650 | _aDOURADO | ||
| 650 | _aMICROSCOPIA ELETRONICA | ||
| 650 | _aMORFOLOGIA | ||
| 650 | _aOVOGENESE | ||
| 773 | 0 |
_tBoletim Técnico do CEPTA (Brazil) _xISSN 0103-1112 _g(2006), v. 19 p. 9-19 _wBR0800662 |
|
| 909 |
_a202311 _bLúcia _c55 _dLúcia Elande |
||
| 942 |
_2AGRIS _n0 _cANA |
||
| 999 |
_c193164 _d193164 |
||